00634naa a2200193 a 450000100080000000500110000800800410001910000150006024501350007526000090021065300150021965300090023465300250024365300230026865300280029170000190031970000230033877300790036110553792007-09-24 2006 bl uuuu u00u1 u #d1 aGEBLER, L. aVariaveis ambientais e toxicologicas de agroquimicos utilizados na producao integrada de macas (PIM) visando modelagem matematica. c2006 aAgrotoxico aMaca aModelagem matematica aProducao integrada aVariavel fisico-quimica1 aPELIZZA, T. R.1 aALMEIDA, D. L. de. tRevista de Ciencias Agroveterinarias, Lagesgv. 5, n. 2, p. 169-184, 2006.